Zlatá kniha mesta Bratislavy

Bibliographic Details
Format: Book
Language:Undetermined
PhysicalDescription:392 s.
Published: Bratislava "Čechoslovakia" 1928

MARC

LEADER 00000nam a2200000 a 4500
001 vtls001299123
003 SK-MaSNL
005 20260223214410.0
008 240126s1928 xo 0 und
035 |a SNK000251080 
040 |a SNK  |b slo  |c SNK  |e AACR2 
044 |a xo  |c SK 
245 1 |a Zlatá kniha mesta Bratislavy 
260 |a Bratislava  |b "Čechoslovakia"  |c 1928 
300 |a 392 s. 
999 |c 715413  |d 717343 
952 |t P60, <03>, [BOOK], {603}  |a SNK  |b SNK  |y PREZ  |7 0  |p 17A0089002  |o snkSB 3123  |0 0  |1 0  |4 0  |d 1997-08-13  |l 0  |r 2025-02-07 00:00:00  |w 2026-02-23 
952 |t P60, <04>, [BOOK], {604}  |a SNK  |b SNK  |y VYP  |7 0  |p 17A0221443  |o snkSB 3123 D2  |0 0  |1 0  |4 0  |d 1999-12-21  |l 0  |r 2005-01-02 00:00:00  |w 2026-02-23 
952 |t P60, <04>, [BOOK], {604}  |a SNK  |b SNK  |y VYP  |7 0  |p 17A0225055  |o snkSB 3123 D1  |0 0  |1 0  |4 0  |d 2000-01-20  |l 0  |r 2005-01-02 00:00:00  |w 2026-02-23